[Event "Verbandsliga Suedbaden 2122"]
[Site "Baden"]
[Date "2022.05.08"]
[Round "4.1"]
[White "Ehmann, Thilo"]
[Black "Schwierskott, Marc"]
[Result "1/2-1/2"]
[WhiteElo "2352"]
[BlackElo "2132"]
[PlyCount "120"]
[EventDate "2021.10.10"]
[EventType "team-tourn"]
[EventRounds "9"]
[EventCountry "GER"]
[SourceTitle "EXT 2023"]
[Source "ChessBase"]
[SourceDate "2022.10.05"]
[SourceVersion "1"]
[SourceVersionDate "2022.10.05"]
[SourceQuality "1"]
[WhiteTeam "Sasbach"]
[BlackTeam "Brombach II"]
[WhiteTeamCountry "GER"]
[BlackTeamCountry "GER"]

1. e4 c5 2. Nf3 Nc6 3. d4 cxd4 4. Nxd4 e5 5. Nb5 d6 6. N1c3 a6 7. Na3 b5 8. Nd5 Nce7 9. Bg5 Qa5+ 10. c3 Nxd5 11. Qxd5 Rb8 12. Bc4 Qc7 13. Bb3 Be6 14. Qd2 Be7 15. 0-0 Nf6 16. Bxf6 Bxf6 17. Rad1 Be7 18. Nc2 0-0 19. Bd5 Rfd8 20. Nb4 Rb6 21. a3 a5 22. Nc2 Rc8 23. Qe2 Qd7 24. Rd3 Bg5 25. Rfd1 Bg4 26. f3 Be6 27. Qf2 Qc7 28. Kh1 h5 29. g3 Ra6 30. f4 Bh6 31. Ne3 b4 32. cxb4 axb4 33. axb4 exf4 34. gxf4 Qa7 35. Qf3 Ra1 36. f5 Bxd5 37. Nxd5 Rc2 38. Nc3 Rf2 39. Qxf2 Qxf2 40. Rxa1 Qxb2 41. Ra2 Qxb4 42. Rf2 Qa3 43. Kg2 Bg5 44. Rh3 h4 45. Re2 Qa6 46. Kf1 Qa1+ 47. Re1 Qa6+ 48. Re2 Qa1+ 49. Kg2 Qa6 50. Kf2 Bf6 51. Nd1 Qc4 52. Kf1 d5 53. Nf2 Qc1+ 54. Re1 Qf4 55. exd5 Bd4 56. Re2 Qc1+ 57. Kg2 Qg5+ 58. Kf1 Qc1+ 59. Kg2 Qg5+ 60. Kf1 Qc1+ 1/2-1/2

[Event "GER-ch Net blitz qual4"]
[Site "Playchess.com INT"]
[Date "2021.05.10"]
[Round "11"]
[White "Buchenau, Frank"]
[Black "Schwierskott, Marc"]
[Result "1-0"]
[WhiteElo "2191"]
[BlackElo "1961"]
[PlyCount "95"]
[EventDate "2021.05.10"]
[EventType "swiss (blitz)"]
[EventRounds "11"]
[EventCountry "GER"]
[SourceTitle "CBM 202 Extra"]
[Source "ChessBase"]
[SourceDate "2021.07.31"]
[SourceVersion "1"]
[SourceVersionDate "2021.07.31"]
[SourceQuality "1"]

1. e4 d6 2. d4 Nf6 3. Nc3 g6 4. Nf3 Bg7 5. Be2 0-0 6. 0-0 Bg4 7. h3 Bxf3 8. Bxf3 e5 9. dxe5 dxe5 10. Qxd8 Rxd8 11. Nb5 Na6 12. Be3 b6 13. c3 Bf8 14. Rfd1 Rxd1+ 15. Rxd1 c6 16. Nd6 Rd8 17. Nc4 Rxd1+ 18. Bxd1 Nd7 19. b4 Nc7 20. a4 f6 21. Bg4 Nb8 22. a5 Nb5 23. axb6 axb6 24. Bd2 c5 25. Nxb6 cxb4 26. cxb4 Kf7 27. Be2 Nd4 28. Bc4+ Ke8 29. Bg8 h6 30. Nd5 Be7 31. Bxh6 Nbc6 32. Nxe7 Kxe7 33. Bd2 Nb5 34. Bd5 Kd6 35. h4 Nbd4 36. Bf7 Ne7 37. Be3 Kc6 38. Be8+ Kb6 39. f4 Nec6 40. fxe5 fxe5 41. Bxg6 Nxb4 42. h5 Nbc6 43. h6 Ne7 44. Bf5 Kc7 45. h7 Ndxf5 46. exf5 Nxf5 47. h8Q Nxe3 48. Qxe5+ 1-0

[Event "GER-ch Net blitz qual4"]
[Site "Playchess.com INT"]
[Date "2021.05.10"]
[Round "6"]
[White "Ritscher, Jan Paul"]
[Black "Schwierskott, Marc"]
[Result "1-0"]
[WhiteElo "2106"]
[BlackElo "1961"]
[PlyCount "99"]
[EventDate "2021.05.10"]
[EventType "swiss (blitz)"]
[EventRounds "11"]
[EventCountry "GER"]
[SourceTitle "CBM 202 Extra"]
[Source "ChessBase"]
[SourceDate "2021.07.31"]
[SourceVersion "1"]
[SourceVersionDate "2021.07.31"]
[SourceQuality "1"]

1. d4 g6 2. e4 d6 3. Nc3 Nf6 4. h3 Bg7 5. g4 c5 6. dxc5 Qa5 7. Bg2 Qxc5 8. Nge2 Nc6 9. Be3 Qa5 10. 0-0 0-0 11. a3 a6 12. f4 Nd7 13. b4 Qd8 14. Rb1 Rb8 15. a4 b5 16. axb5 axb5 17. e5 Bb7 18. exd6 Re8 19. Bf2 exd6 20. Nxb5 Nf6 21. Ng3 d5 22. Nd4 Ne4 23. Nxe4 dxe4 24. Nxc6 Qxd1 25. Rfxd1 Bxc6 26. Be3 Ba4 27. Rd2 Bc3 28. Re2 Rxb4 29. Rxb4 Bxb4 30. c4 Bc6 31. Rb2 Bc3 32. Rb6 Rc8 33. c5 Rc7 34. f5 gxf5 35. gxf5 f6 36. Kf2 Kf7 37. Bf1 Ke7 38. Bc4 Be5 39. Bg8 h5 40. Bh7 h4 41. Bg8 Kd7 42. Be6+ Ke7 43. Rb8 Bd7 44. Bxd7 Rxd7 45. Rh8 Bd4 46. Rh7+ Kd8 47. Rxd7+ Kxd7 48. Bxd4 Kc6 49. Ke3 Kd5 50. Bxf6 1-0

[Event "GER-ch Net blitz qual4"]
[Site "Playchess.com INT"]
[Date "2021.05.10"]
[Round "5"]
[White "Schwierskott, Marc"]
[Black "Mittag, Ralf"]
[Result "1/2-1/2"]
[WhiteElo "1961"]
[BlackElo "2114"]
[PlyCount "77"]
[EventDate "2021.05.10"]
[EventType "swiss (blitz)"]
[EventRounds "11"]
[EventCountry "GER"]
[SourceTitle "CBM 202 Extra"]
[Source "ChessBase"]
[SourceDate "2021.07.31"]
[SourceVersion "1"]
[SourceVersionDate "2021.07.31"]
[SourceQuality "1"]

1. c4 g6 2. Nc3 Bg7 3. d4 d6 4. e4 Nc6 5. d5 Nd4 6. Be3 c5 7. Nge2 Qb6 8. Qd2 e5 9. dxe6 fxe6 10. 0-0-0 e5 11. Nd5 Qd8 12. Nxd4 exd4 13. Bg5 Nf6 14. Bd3 0-0 15. h4 Be6 16. h5 Bxd5 17. exd5 Qe8 18. hxg6 hxg6 19. Bh6 Qf7 20. Bxg7 Qxg7 21. Qg5 Nh7 22. Qh4 Rf7 23. f3 Re8 24. Rde1 Rfe7 25. Rxe7 Rxe7 26. Kd2 Nf6 27. Re1 Rxe1 28. Qxe1 Qf7 29. a3 Nd7 30. Qg3 Ne5 31. f4 Nxd3 32. Kxd3 Qf5+ 33. Kd2 Qe4 34. Qg4 Kg7 35. Qd7+ Kh6 36. Qh3+ Kg7 37. Qd7+ Kg8 38. Qd8+ Kf7 39. Qd7+ 1/2-1/2

[Event "GER-ch Net blitz qual3"]
[Site "Playchess.com INT"]
[Date "2021.05.07"]
[Round "6"]
[White "Schwierskott, Marc"]
[Black "Kitschke, Heiko"]
[Result "0-1"]
[WhiteElo "1999"]
[BlackElo "1806"]
[PlyCount "86"]
[EventDate "2021.05.07"]
[EventType "swiss (blitz)"]
[EventRounds "11"]
[EventCountry "GER"]
[SourceTitle "CBM 202 Extra"]
[Source "ChessBase"]
[SourceDate "2021.07.31"]
[SourceVersion "1"]
[SourceVersionDate "2021.07.31"]
[SourceQuality "1"]

1. c4 e5 2. Nc3 Nf6 3. Nf3 Nc6 4. e3 d5 5. cxd5 Nxd5 6. Bb5 Nxc3 7. bxc3 Bd6 8. d4 exd4 9. cxd4 Bd7 10. 0-0 0-0 11. e4 Bg4 12. Bxc6 bxc6 13. e5 Be7 14. Bb2 Qd5 15. Re1 Rab8 16. Bc3 c5 17. dxc5 Bxf3 18. Qxf3 Qxf3 19. gxf3 Bxc5 20. Kg2 Rfd8 21. f4 Rd3 22. Rac1 g6 23. f5 gxf5 24. e6 fxe6 25. Rxe6 Bd6 26. Be5 Kf7 27. Rf6+ Ke7 28. Rxf5 Ke6 29. Rh5 Bxe5 30. Re1 Rg8+ 31. Kf1 Rd5 32. f4 Rf8 33. Rhxe5+ Rxe5 34. Rxe5+ Kd6 35. Re4 Kd5 36. Ra4 c5 37. Ke2 c4 38. Kf3 Rf7 39. Ke3 Re7+ 40. Kf3 c3 41. f5 c2 42. Ra5+ Kd4 43. Ra4+ Kd3 0-1

[Event "Bayern-chI Bank Hofmann 21st"]
[Site "Tegernsee"]
[Date "2017.11.05"]
[Round "9"]
[White "Heimrath, Reiner"]
[Black "Schwierskott, Marc"]
[Result "1-0"]
[WhiteElo "2260"]
[BlackElo "2107"]
[PlyCount "79"]
[EventDate "2017.10.28"]
[EventType "swiss"]
[EventRounds "9"]
[EventCountry "GER"]
[SourceTitle "CBM 181 Extra"]
[Source "ChessBase"]
[SourceDate "2017.12.12"]
[SourceVersion "1"]
[SourceVersionDate "2017.12.12"]
[SourceQuality "1"]

1. e4 g6 2. h4 h5 3. Nc3 d6 4. d4 Bg7 5. Bg5 c6 6. Qd2 b5 7. Nf3 Nh6 8. a3 a6 9. Be2 Qc7 10. d5 c5 11. 0-0 Bg4 12. a4 b4 13. Nd1 Nd7 14. Ne3 Bxf3 15. Bxf3 Bxb2 16. Rab1 Bc3 17. Qd1 Nf6 18. g3 Bd4 19. Qe2 Qd7 20. Bg2 Qxa4 21. Nc4 Qb5 22. e5 Bxe5 23. Bxf6 0-0 24. Bxe5 dxe5 25. Rfe1 f6 26. d6 Rae8 27. Ra1 Nf5 28. Ra5 Qd7 29. Bh3 exd6 30. Bxf5 gxf5 31. Qxh5 f4 32. Rxa6 fxg3 33. fxg3 d5 34. Ne3 Re7 35. Nf5 Rh7 36. Qg6+ Kh8 37. Rea1 c4 38. Ra8 Rc8 39. Qxf6+ Kg8 40. Nh6+ 1-0

[Event "Oberliga Baden 1617"]
[Site "Baden"]
[Date "2016.11.20"]
[Round "2.7"]
[White "Schwierskott, Marc"]
[Black "Wernet, Andreas"]
[Result "1-0"]
[WhiteElo "2085"]
[BlackElo "2035"]
[PlyCount "73"]
[EventDate "2016.10.16"]
[EventType "team-tourn"]
[EventRounds "9"]
[EventCountry "GER"]
[SourceTitle "EXT 2018"]
[Source "ChessBase"]
[SourceDate "2017.10.13"]
[SourceVersion "1"]
[SourceVersionDate "2017.10.13"]
[SourceQuality "1"]
[WhiteTeam "Brombach"]
[BlackTeam "Oberwinden"]
[WhiteTeamCountry "GER"]
[BlackTeamCountry "GER"]

1. c4 f5 2. Nf3 Nf6 3. g3 g6 4. b3 Bg7 5. Bb2 0-0 6. Bg2 d6 7. d4 c6 8. 0-0 Qc7 9. e3 Nbd7 10. Ng5 Nb6 11. d5 h6 12. Nh3 e5 13. Nc3 c5 14. f3 a6 15. Qd2 Bd7 16. Nf2 Nc8 17. a4 Ne7 18. a5 b5 19. axb6 Qxb6 20. Ra3 Rab8 21. Ne2 Rb7 22. Bc3 Rfb8 23. Rfa1 Qd8 24. Nc1 Bc8 25. Rxa6 Rxb3 26. Nxb3 Bxa6 27. Nxc5 Bxc4 28. Ne6 Qb6 29. e4 fxe4 30. fxe4 Nc8 31. Bf3 Kh7 32. Kg2 Ne7 33. h4 Nh5 34. Nh3 Nf6 35. g4 Nfg8 36. g5 Bxd5 37. gxh6 1-0

[Event "BL2-Sued 1516"]
[Site "Germany"]
[Date "2016.03.13"]
[Round "8.7"]
[White "Schatz, Dieter"]
[Black "Schwierskott, Marc"]
[Result "1-0"]
[WhiteElo "2158"]
[BlackElo "2135"]
[PlyCount "109"]
[EventDate "2015.09.20"]
[EventType "team-tourn"]
[EventRounds "9"]
[EventCountry "GER"]
[SourceTitle "EXT 2017"]
[Source "ChessBase"]
[SourceDate "2016.10.25"]
[SourceVersion "1"]
[SourceVersionDate "2016.10.25"]
[SourceQuality "1"]
[WhiteTeam "Landau"]
[BlackTeam "Brombach"]
[WhiteTeamCountry "GER"]
[BlackTeamCountry "GER"]

1. e4 d6 2. g3 Nf6 3. Bg2 g6 4. Nc3 Bg7 5. Nge2 c5 6. d4 cxd4 7. Nxd4 0-0 8. h3 Bd7 9. 0-0 Nc6 10. Nde2 Rc8 11. Be3 Qa5 12. Nd5 b5 13. c3 Nxd5 14. exd5 Nb8 15. Qd2 Qc7 16. Rac1 a5 17. Nd4 e5 18. dxe6 fxe6 19. Rcd1 Rcd8 20. Bg5 Rde8 21. Rfe1 Kh8 22. Nf3 d5 23. Bh6 Nc6 24. Bxg7+ Kxg7 25. Nd4 Nxd4 26. cxd4 Qb6 27. h4 b4 28. h5 Qd6 29. Re5 Rf5 30. h6+ Kg8 31. Rde1 Rxe5 32. Rxe5 Qf8 33. Qe3 Qf7 34. Bh3 Qf6 35. Kg2 Kf7 36. a3 Rc8 37. g4 Qe7 38. g5 Rc6 39. Bg4 Rc2 40. axb4 axb4 41. Qf4+ Kg8 42. Re2 Rc6 43. Qe5 Bc8 44. Kg3 Qc7 45. Qxc7 Rxc7 46. Bxe6+ Bxe6 47. Rxe6 Rc4 48. Re8+ Kf7 49. Rh8 Ke6 50. Rxh7 Kf5 51. Rg7 Rc1 52. f4 Rg1+ 53. Kf3 Rf1+ 54. Kg2 Rc1 55. h7 1-0